10 Biggest Cities in Each Asian Country - Statistics

General Stats
  • This quiz has been taken 31 times
    21 since last reset
  • The average score is 126 of 471
Answers on the Map
Answers color-coded by a green-red scale on the quiz's map according to % correct below.
 
Answer Stats
country population answer % Correct
Turkey 5,186,002 Ankara
89%
Turkey 15,244,936 İstanbul
89%
Qatar 872,048 Ad-Dawḥah
83%
China 18,960,744 Bĕijīng
83%
China 21,909,814 Shànghăi
83%
Singapore 6,111,175 Singapore
83%
Lebanon 1,650,000 Bayrūt
78%
South Korea 3,349,016 Busan
78%
China 13,568,357 Chéngdū
78%
Syria 1,414,913 Dimashq
78%
China 16,096,724 Guăngzhōu
78%
Vietnam 3,605,364 Ha Noi
78%
Turkey 2,948,160 İzmir
78%
Bhutan 6,243 Jakar
78%
Afghanistan 4,434,600 Kābul
78%
Thailand 5,666,264 Krung Thep
78%
North Korea 2,521,785 P'yŏngyang
78%
South Korea 9,586,195 Seoul
78%
Japan 9,733,276 Tōkyō
78%
United Arab Emirates 1,750,000 Abū Ẓaby
72%
Jordan 1,812,059 Ammān
72%
Turkey 1,322,766 Antalya
72%
Saudi Arabia 6,924,566 Ar-Riyāḍ
72%
Iraq 6,719,476 Baghdād
72%
Azerbaijan 1,311,900 Bakı
72%
Bangladesh 10,295,786 Dhaka
72%
United Arab Emirates 3,570,099 Dubayy
72%
Syria 2,132,100 Ḥalab
72%
Indonesia 9,586,705 Jakarta
72%
Saudi Arabia 3,712,917 Jiddah
72%
Malaysia 1,588,750 Kuala Lumpur
72%
Cyprus 56,479 Lefkosía
72%
Philippines 26,570,462 Manila
72%
India 18,394,912 Mumbai
72%
Lebanon 125,000 Ṣūr
72%
Taiwan 2,594,581 Taibei
72%
Georgia 1,285,300 Tbilisi
72%
Iran 8,693,706 Tehrān
72%
China 9,392,938 Xī'ān
72%
Bahrain 143,035 Al-Manāmah
67%
Kazakhstan 1,639,176 Astana
67%
India 8,520,435 Bengaluru
67%
Turkey 2,051,464 Bursa
67%
India 16,349,831 Delhi
67%
Pakistan 1,108,872 Islāmābād
67%
India 3,046,163 Jaipur
67%
Pakistan 18,868,021 Karāchi
67%
Nepal 862,400 Kathmandu
67%
India 14,057,991 Kolkata
67%
Japan 1,463,723 Kyōto
67%
Pakistan 13,004,135 Lāhore
67%
Saudi Arabia 2,385,509 Makkah
67%
Kyrgyzstan 315,881
67%
Japan 2,752,412 Ōsaka
67%
Oman 83,763 Ṣūr
67%
Indonesia 2,765,487 Surabaya
67%
China 11,052,404 Tiānjīn
67%
China 10,494,879 Wŭhàn
67%
Myanmar 4,584,622 Yangon
67%
Israel 966,210 Yerushalayim
67%
Yemen 588,938 Adan
61%
Kazakhstan 2,348,103 Almaty
61%
Turkmenistan 1,030,063 Aşgabat
61%
Indonesia 2,394,873 Bandung
61%
Georgia 234,600 Batumi
61%
Bangladesh 3,230,507 Chittagong
61%
China 9,580,819 Chóngqìng
61%
Sri Lanka 561,314 Colombo
61%
Vietnam 988,561 Da Nang
61%
India 7,677,018 Hyderābād
61%
Pakistan 1,921,275 Hyderābād
61%
South Korea 2,945,454 Incheon
61%
Cyprus 107,970 Lemesós
61%
Maldives 137,238 Maale'
61%
Japan 2,332,176 Nagoya
61%
Cambodia 2,189,460 Phnum Pénh
61%
Uzbekistan 595,818 Samarqand
61%
Yemen 1,707,531 Ṣan'ā'
61%
Japan 1,973,395 Sapporo
61%
Uzbekistan 3,112,748 Toshkent
61%
Mongolia 1,466,431 Ulaanbaatar
61%
Armenia 1,141,100 Yerevan
61%
India 6,357,693 Ahmadābād
56%
Iraq 1,361,819 Al-Mawṣil
56%
Iraq 879,071 Arbīl
56%
Brunei 266,682 Bandar Seri Begawan
56%
Kyrgyzstan 1,103,562 Biškek
56%
India 8,653,521 Chennai
56%
Philippines 1,627,459 Davao
56%
East Timor 267,623 Dili
56%
Tajikistan 1,242,600 Dušanbe
56%
Iran 1,961,260 Eṣfahān
56%
Turkey 1,680,723 Gaziantep
56%
Japan 1,525,152 Kōbe
56%
Myanmar 1,162,500 Mandalay
56%
India 5,057,709 Pune
56%
China 17,444,609 Shēnzhèn
56%
India 4,591,246 Sūrat
56%
Laos 620,157 Viengchan
56%
Saudi Arabia 1,386,166 Ad-Dammām
50%
Iraq 1,340,827 Al-Baṣrah
50%
Saudi Arabia 1,411,599 Al-Madīnah
50%
Thailand 127,240 Chiang Mai
50%
Japan 1,612,392 Fukuoka
50%
Taiwan 2,734,275 Gaoxiong
50%
Israel 282,832 Hefa
50%
Afghanistan 574,300 Herāt
50%
Afghanistan 523,300 Kandahār
50%
Iran 3,001,184 Mashhad
50%
Iran 1,565,572 Shīrāz
50%
Bhutan 114,551 Thimphu
50%
Japan 3,777,491 Yokohama
50%
Turkey 1,779,463 Adana
44%
Philippines 2,581,824 Cebu
44%
South Korea 2,410,700 Daegu
44%
China 9,644,871 Dōngguān
44%
Pakistan 3,691,999 Faisalābād
44%
Vietnam 841,520 Hai Phong
44%
Syria 652,609 Ḥimṣ
44%
Vietnam 351,456 Hue
44%
Turkey 1,365,287 Konya
44%
Cyprus 52,046 Lárnaka
44%
Indonesia 2,097,610 Medan
44%
Pakistan 1,905,975 Peshāwar
44%
Kazakhstan 1,294,050 Shymkent
44%
Cambodia 225,607 Siĕm Réab
44%
Iran 1,558,693 Tabrīz
44%
Taiwan 1,875,076 Tainan
44%
Taiwan 3,033,840 Taizhong
44%
United Arab Emirates 690,000 Al-'Ayn
39%
Jordan 635,160 Az-Zarqā'
39%
Indonesia 2,334,871 Bekasi
39%
Uzbekistan 274,800 Buxoro
39%
Philippines 837,787 Cagayan de Oro
39%
Indonesia 1,738,570 Depok
39%
Maldives 4,815 Gan
39%
Azerbaijan 301,200 Gəncə
39%
Pakistan 2,511,118 Gujrānwāla
39%
South Korea 1,477,573 Gwangju
39%
North Korea 703,610 Hamhŭng
39%
Malaysia 665,600 Ipoh
39%
Jordan 502,714 Irbid
39%
Afghanistan 271,900 Jalālābād
39%
Malaysia 809,900 Johor Bahru
39%
Sri Lanka 98,828 Kandy
39%
Iraq 972,272 Kirkūk
39%
Malaysia 414,400 Kota Kinabalu
39%
Malaysia 511,500 Kuching
39%
Indonesia 1,331,391 Makassar
39%
Turkmenistan 167,027 Mary
39%
Afghanistan 484,500 Mazār-e Sharīf
39%
Turkey 1,040,507 Mersin
39%
Pakistan 2,215,381 Multān
39%
North Korea 310,531 Namp'o
39%
Indonesia 1,440,678 Palembang
39%
Nepal 513,504 Pokhara
39%
Kazakhstan 533,344 Qaragandy
39%
Iran 1,201,158 Qom
39%
Pakistan 1,565,546 Quetta
39%
Pakistan 3,357,612 Rāwalpindi
39%
Indonesia 1,520,481 Semarang
39%
Sri Lanka 107,925 Sri Jayawardenepura
39%
Indonesia 1,798,601 Tangerang
39%
Lebanon 450,000 Ṭarābulus
39%
Vietnam 7,004,921 Thanh Pho Ho Chi Minh
39%
Bhutan 11,448 Tshongdue
39%
Turkmenistan 230,861 Türkmenabat
39%
South Korea 1,135,423 Ulsan
39%
Taiwan 4,365,947 Xinbei
39%
Kyrgyzstan 117,533 Žalal-Abat
39%
Iran 1,184,788 Ahvāz
33%
Uzbekistan 492,425 Andijon
33%
Philippines 1,679,075 Angeles
33%
Kazakhstan 598,683 Aqtobe
33%
Vietnam 812,088 Can Tho
33%
North Korea 614,892 Ch'ŏngjin
33%
South Korea 1,488,435 Daejeon
33%
Mongolia 84,429 Darchan
33%
Turkey 1,087,786 Diyarbakır
33%
Mongolia 102,141 Ėrdėnėt
33%
Uzbekistan 328,409 Farg'ona
33%
Philippines 667,910 General Santos
33%
Syria 312,994 Ḥamāh
33%
Iran 1,592,492 Karaj
33%
Japan 1,538,262 Kawasaki
33%
Iran 946,651 Kermānshāh
33%
Bangladesh 719,557 Khulna
33%
Malaysia 826,400 Klang
33%
Uzbekistan 713,385 Namangan
33%
Uzbekistan 344,690 Nukus
33%
Laos 68,093 Pakxe
33%
South Korea 1,210,150 Suwon
33%
Yemen 466,968 Ta'izz
33%
Taiwan 2,441,064 Taoyuan
33%
Turkmenistan 91,745 Türkmenbaşy
33%
North Korea 328,467 Wŏnsan
33%
Saudi Arabia 729,606 Al-Hufūf
28%
Iraq 747,261 An-Najaf
28%
Saudi Arabia 563,282 Aṭ-Ṭa'if
28%
Vietnam 830,829 Bien Hoa
28%
Bangladesh 2,677,715 Gazipur
28%
Armenia 114,700 Gyumri
28%
Thailand 156,802 Hat Yai
28%
Yemen 212,992 Ibb
28%
Lebanon 50,000 Jubayl
28%
Mongolia 42,423 Mörön
28%
Myanmar 358,679 Naypyitaw
28%
Thailand 254,375 Nonthaburi
28%
Iran 736,224 Orūmīyeh
28%
Kazakhstan 360,689 Oskemen
28%
Cyprus 37,991 Páfos
28%
Bhutan 27,658 Phuntsholing
28%
Japan 1,324,025 Saitama
28%
Lebanon 250,000 Ṣaydā
28%
Philippines 713,406 Zamboanga
28%
Syria 383,786 Al-Lādhiqiyah
22%
Cambodia 151,827 Băt Dâmbâng
22%
Mongolia 31,980 Chovd
22%
Mongolia 47,153 Čojbalsan
22%
Vietnam 474,681 Di An
22%
Afghanistan 189,300 Kunduz
22%
Laos 66,781 Luangprabang
22%
Thailand 190,272 Pak Kret
22%
Kazakhstan 336,073 Pavlodar
22%
Oman 293,962 Ṣalālah
22%
Laos 91,684 Savannakhet
22%
Kazakhstan 315,314 Semei
22%
Cyprus 70,823 Stróvolos
22%
Thailand 132,040 Surat Thani
22%
Kazakhstan 487,499 Taraz
22%
Israel 467,875 Tel Aviv-Yafo
22%
Vietnam 341,552 Vung Tau
22%
South Korea 1,066,975 Yongin
22%
Kuwait 455,786 Al-Jahrā'
17%
Georgia 67,087 Aqwa
17%
Qatar 799,933 Ar-Rayyān
17%
Bahrain 79,550 Ar-Rifā'
17%
Oman 470,878 As-Sīb
17%
Iraq 676,492 As-Sulaymāniyah
17%
Myanmar 276,987 Bago
17%
Mongolia 32,454 Bajanchongor
17%
Israel 211,251 Be'er Sheva
17%
Tajikistan 203,800 Chuçand
17%
South Korea 1,045,497 Goyang
17%
Maldives 13,759 Hithadhoo
17%
Brunei 27,819 Kuala Belait
17%
Georgia 161,200 Kutaisi
17%
Thailand 126,391 Nakhon Ratchasima
17%
Mongolia 38,929 Nalajch
17%
Mongolia 39,711 Ölgij
17%
Cambodia 71,082 Preăh Seihânŭ
17%
Bangladesh 708,570 Rangpur
17%
Azerbaijan 440,900 Sumqayıt
17%
Bangladesh 532,839 Sylhet
17%
Thailand 130,531 Udon Thani
17%
United Arab Emirates 557,071 Ajmān
11%
United Arab Emirates 114,356 Al-Fujayrah
11%
Bahrain 91,307 Al-Muḥarraq
11%
Israel 225,975 Ashdod
11%
Kazakhstan 328,616 Atyray
11%
Lebanon 85,000 Ba'albak
11%
Philippines 680,527 Bacolod
11%
Turkmenistan 123,190 Balkanabat
11%
Nepal 243,927 Biratnagar
11%
Tajikistan 130,800 Bochtar
11%
Turkmenistan 201,142 Daşoguz
11%
Georgia 52,300 Gori
11%
Kuwait 926,170 Ḥawallī
11%
Taiwan 367,264 Jilong
11%
Iraq 711,530 Karbalā'
11%
Tajikistan 110,400 Kūlob
11%
Nepal 294,098 Lalitpur
11%
East Timor 12,782 Lospalos
11%
Bahrain 52,718 Madīnat Ḥamād
11%
Bangladesh 577,000 Mymensingh
11%
Bangladesh 967,951 Narayanganj
11%
Israel 224,066 Netanya
11%
Malaysia 614,000 Petaling Jaya
11%
Bangladesh 553,288 Rajshahi
11%
Brunei 16,340 Seria
11%
Oman 219,264 Ṣuḥār
11%
Saudi Arabia 594,350 Tabūk
11%
Armenia 78,100 Vanadzor
11%
Armenia 50,600 Abovyan
6%
Qatar 313,754 Ad-Dawḥah al-Minṭaqat aṣ-Ṣinā'yah
6%
Iraq 527,472 Al-'Amārah
6%
Kuwait 791,744 Al-Farwānīyah
6%
Kuwait 256,078 Al-Firdaws
6%
Yemen 409,994 Al-Ḥudaydah
6%
Bahrain 47,529 Ālī
6%
Qatar 91,585 Al-Khawr
6%
Yemen 182,478 Al-Mukallā
6%
Syria 184,231 Al-Qāmishlī
6%
Jordan 296,763 Al-Quwaysimah
6%
Qatar 94,272 Al-Wakrah
6%
Malaysia 469,000 Ampang Jaya
6%
Lebanon 25,000 An-Nabaṭīyah
6%
Iraq 558,446 An-Nāṣiriyah
6%
Syria 220,488 Ar-Raqqah
6%
Jordan 472,604 Ar-Ruṣayfah
6%
United Arab Emirates 1,610,000 Ash-Shāriqah
6%
Philippines 501,945 Baguio
6%
East Timor 19,118 Baucau
6%
Oman 362,523 Bawshar
6%
Nepal 369,268 Bharatpur
6%
Bangladesh 486,016 Bogra
6%
Saudi Arabia 571,169 Buraydah
6%
Syria 211,857 Dayr az-Zawr
6%
Sri Lanka 184,468 Dehiwala-Mount Lavinia
6%
Yemen 146,346 Dhamār
6%
United Arab Emirates 49,333 Dibā al-Fujayrah
6%
Maldives 9,177 Fuvahmulah
6%
Tajikistan 66,600 Istaravšan
6%
Taiwan 252,028 Jiayi
6%
Sri Lanka 99,893 Kalmunai
6%
Cambodia 54,475 Kâmpóng Cham
6%
Cambodia 53,737 Kâmpóng Chhnăng
6%
North Korea 251,971 Kanggye
6%
Armenia 32,900 Kapan
6%
Kyrgyzstan 77,241 Karakol
6%
Saudi Arabia 535,065 Khamīs Mushaīṭ
6%
United Arab Emirates 53,000 Khawr Fakān
6%
Tajikistan 55,000 Konibodom
6%
Afghanistan 89,300 Lashkargāh
6%
Bahrain 36,833 Madīnat 'Īsā
6%
Uzbekistan 257,878 Marg'ilon
6%
Oman 230,881 Maṭraḥ
6%
Myanmar 229,494 Mawlamyine
6%
Azerbaijan 122,200 Mingəçevir
6%
Kuwait 271,685 Mubarāk al-Kabīr
6%
Myanmar 312,700 Myitkyina
6%
Azerbaijan 83,700 Naxçıvan
6%
Laos 35,289 Oudomxay
6%
Tajikistan 45,200 Pançakent
6%
East Timor 15,240 Pante Macassar
6%
Myanmar 165,000 Pathein
6%
Israel 252,270 Petah Tiqwa
6%
Georgia 38,800 Poti
6%
Bhutan 6,262 Punakha
6%
Uzbekistan 313,597 Qo'qon
6%
Israel 257,128 Rishon LeZiyyon
6%
Georgia 131,800 Rustavi
6%
Bhutan 9,325 Samdrup Jongkhar
6%
East Timor 7,191 Same
6%
Bhutan 5,396 Samtse
6%
North Korea 271,434 Sariwŏn
6%
Malaysia 443,200 Shah Alam
6%
North Korea 334,031 Sinŭiju
6%
Cambodia 78,839 Sisŏphŏn
6%
Bahrain 34,317 Sitrah
6%
Malaysia 718,200 Subang Jaya
6%
Georgia 34,184 Tchinval
6%
Vietnam 588,616 Thuan An
6%
Kyrgyzstan 73,433 Tokmok
6%
Tajikistan 61,900 Tursunzoda
6%
Brunei 8,596 Tutong
6%
Qatar 149,701 Umm Ṣalāl Muḥammad
6%
Armenia 48,000 Vagharshapat
6%
Tajikistan 57,400 Vahdat
6%
Bhutan 8,954 Wangdue
6%
Taiwan 499,468 Xinzhu
6%
Lebanon 140,000 Zaḥlah
6%
Georgia 58,000 Zugdidi
6%
Qatar 91,247 Aḍ-Ḍ'āyan
0%
United Arab Emirates 33,000 Ad-Dhaīd
0%
Cyprus 21,544 Aglantziá
0%
East Timor 5,217 Ainaro
0%
Oman 96,384 Al-'Āmrāt
0%
Lebanon 30,000 Ālayh
0%
Bahrain 30,702 Al-Budayyi'
0%
Oman 92,223 Al-Buraymī
0%
Kuwait 447,009 Al-Finṭās
0%
Lebanon 40,000 Al-Harmal
0%
Syria 188,160 Al-Ḥasakah
0%
Jordan 197,160 Al-Jubayhah
0%
Bahrain 13,658 Al-Mālikīyah
0%
Kuwait 288,910 Al-Manqaf
0%
Qatar 134,481 Al-Wukaīr
0%
Syria 137,248 Al-Yarmūk
0%
Yemen 77,825 Amrān
0%
Cyprus 22,932 Aradíppou
0%
Armenia 29,700 Armavir
0%
Mongolia 34,605 Arvajchėėr
0%
Qatar 67,181 Ash-Shaḥāniyah
0%
Kuwait 83,771 Aṣ-Ṣulaybikhāt
0%
Kuwait 93,021 Aṣ-Ṣulaybīyah
0%
Yemen 55,760 Bājil
0%
Kyrgyzstan 51,487 Balykčy
0%
Thailand 120,127 Bang Pu
0%
Turkmenistan 70,376 Baýramaly
0%
Kyrgyzstan 58,383 Bazar-Korgon
0%
Israel 212,395 Bene Beraq
0%
Azerbaijan 87,000 Biləcəri
0%
Azerbaijan 90,800 Binə
0%
Nepal 272,382 Birgunj
0%
Brunei 9,835 Bukit Beruang
0%
Thailand 143,024 Chaophraya Surasak
0%
Armenia 24,100 Charentsavan
0%
Nepal 198,792 Dhangadhi
0%
Cyprus 20,504 Énkomi
0%
Maldives 6,831 Feydhoo
0%
Bhutan 9,858 Gelaphu
0%
Nepal 200,530 Ghorahi
0%
East Timor 12,546 Gleno
0%
Turkmenistan 48,552 Gyzylarbat
0%
Israel 197,464 Holon
0%
Armenia 49,500 Hrazdan
0%
Maldives 65,714 Hulhumaale'
0%
Philippines 626,735 Iloilo
0%
Tajikistan 56,200 Isfara
0%
Nepal 197,241 Itahari
0%
Oman 66,284 Ja'alān Banī Bū 'Alī
0%
Nepal 194,556 Janakpur
0%
Kuwait 388,294 Janūb al-Kuwayt
0%
Bahrain 30,099 Jidd Ḥafṣ
0%
Sri Lanka 252,041 Kaduwela
0%
North Korea 262,389 Kaech'ŏn
0%
United Arab Emirates 51,000 Kalbā'
0%
Myanmar 207,993 Kale
0%
Kyrgyzstan 52,499 Kara-Balta
0%
Cyprus 23,174 Káto Polemídia
0%
Sri Lanka 185,122 Kesbewa
0%
Georgia 25,200 Khashuri
0%
Jordan 186,158 Khraībat as-Sūq
0%
Maldives 10,131 Kulhudhuffushi
0%
Kyrgyzstan 44,012 Kyzyl-Kyja
0%
Cyprus 43,111 Lakatámeia
0%
Brunei 5,795 Lugu
0%
Brunei 7,640 Lumut
0%
Turkmenistan 44,508 Magdanly
0%
Sri Lanka 196,423 Maharagama
0%
East Timor 13,078 Maliana
0%
East Timor 4,655 Manatuto
0%
Brunei 3,129 Masin
0%
Armenia 23,100 Masis
0%
Azerbaijan 104,500 Maştağa
0%
Afghanistan 96,000 Meymaneh
0%
Sri Lanka 168,280 Moratuwa
0%
Brunei 5,981 Mulaut
0%
Maldives 4,832 Naifaru
0%
Sri Lanka 142,449 Negombo
0%
Bhutan 5,418 Nganglam
0%
Oman 64,599 Nizwā
0%
Kyrgyzstan 61,773 Ôzgôn
0%
Cambodia 79,475 Paôy Pêt
0%
Laos 34,442 Phiang
0%
Laos 30,805 Phonhong
0%
Laos 48,643 Phonsavan
0%
Cambodia 62,469 Poŭthĭsăt
0%
Afghanistan 123,700 Pul-e Khumrī
0%
Myanmar 202,003 Pyinoolwin
0%
Azerbaijan 86,300 Qaraçuxur
0%
Uzbekistan 300,777 Qarshi
0%
Qatar 74,576 Rawḍat Rāshid
0%
Yemen 51,870 Ṣa'dah
0%
Jordan 169,434 Saḥāb
0%
Afghanistan 93,600 Sheberghān
0%
East Timor 10,660 Suai
0%
North Korea 250,738 Sunch'ŏn
0%
Cambodia 91,344 Ta Khmau
0%
Brunei 3,838 Tanjong Nangka
0%
Myanmar 181,600 Taunggyi
0%
Turkmenistan 67,488 Tejen
0%
Laos 38,388 Thakhek
0%
Maldives 6,217 Thinadhoo
0%
Jordan 251,000 Tilā' al-'Alī
0%
Maldives 6,755 Vilin'gili
0%
Jordan 241,830 Wādī as-Sīr
0%
Laos 31,482 Xayabury
0%
Azerbaijan 215,800 Xırdalan
0%
Taiwan 223,017 Zhubei
0%
No matching quizzes found
Score Distribution
Percent of People with Each Score
Percentile by Number Answered
Your Score History
You have not taken this quiz since the last reset